Представление документа в формате MARC21

Поле Инд. ПП Название Значение
Тип записи a
Библиографический уровень a
001 Контрольный номер 0a92693b7f914380aeffb4ee200f71a2
005 Дата корректировки 20260423080955.6
020 a ISBN 978-5-907919-723
040 a Служба первич. каталог. НБ ТвГУ
b Код языка каталог. rus
e Правила каталог. PSBO
041 0_ a Код языка текста rus
097 b Оператор Komarova.ES
100 1_ a Автор Манина Ирина Ивановна
q Полное имя Манина И. И.
245 10 a Заглавие Слово к участникам сборника научных трудов
260 a Место издания Москва
b Издательство Московский союз литераторов
520 0_ a Аннотация Уважаемые коллеги, соратники, подвижники отечественного слова! В эпоху глобальной турбулентности и стремительной трансформации ценностных ориентиров вопрос сохранения ментального суверенитета нации переходит из плоскости академических дискуссий в разряд стратегий национального спасения. Настоящий сборник материалов конференции является итогом нашей четырехлетней консолидированной работы над фундаментальной проблемой, которую мы, в рамках Российского союза профессиональных литераторов, инициировали еще в 2022 году проблемой защиты и трансляции национального культурного кода в пространстве литературы, кинематографа, изобразительного искусства и педагогики.
653 0_ a Ключевые слова Вступление
a Ключевые слова Наука
a Ключевые слова Сборник трудов
a Ключевые слова Статьи
a Ключевые слова Литература
a Ключевые слова Кинематограф
773 18 w Контрольный № источника b6c41c0621c24b1a8844e5348daa290e
t Название источника IV международная научно-практическая конференция "Русский язык и литература в современном мире: как сохранить национальный культурный код"
d Место и дата издания Москва : Московский союз литераторов, 2026
g Прочая информация С. 3-5
901 t Тип документа a
920 a Оператор Кома
954 b Дата поступления в ОК 20260423